000 00385nam a22001577a 4500
003 MPLRDC
005 20220104125201.0
008 210129b ||||| |||| 00| 0 eng d
082 _a857.9 CQY-39 v.1
100 _a陈青云
245 _a浪子神鹰. 一
_c
260 _a台湾
_b皇鼎文化出版社
_c
300 _b238
650 _a武侠小说
942 _cBK
_o857.9 CQY-39 v.1
999 _c25334
_d25324